Toward a better future: education and training for economic development in Singapore since 1965 (Record no. 60027)

MARC details
000 -LEADER
fixed length control field 01059nam a2200253 a 4500
008 - FIXED-LENGTH DATA ELEMENTS--GENERAL INFORMATION
fixed length control field 081201s2008 ||||||||||||||||| || u
020 ## - INTERNATIONAL STANDARD BOOK NUMBER
International Standard Book Number 9780821373750
050 ## - LIBRARY OF CONGRESS CALL NUMBER
Classification number IBRD(06)DPE/2008/2
100 ## - MAIN ENTRY--PERSONAL NAME
Personal name Fredriksen, Birger
245 10 - TITLE STATEMENT
Title Toward a better future: education and training for economic development in Singapore since 1965
Statement of responsibility, etc. Edited by Lee Sing Kong, Goh Chor Boon, Birger Fredriksen, and Tan Jee Peng
260 ## - PUBLICATION, DISTRIBUTION, ETC.
Place of publication, distribution, etc. Washington, D.C.
Name of publisher, distributor, etc. World Bank
Date of publication, distribution, etc. 2008
300 ## - PHYSICAL DESCRIPTION
Extent xv, 206p. :ill
350 ## - PRICE (NR) (BK AM CF MU VM SE) [OBSOLETE]
Price 0.00
490 ## - SERIES STATEMENT
Series statement Development practice in education
650 ## - SUBJECT ADDED ENTRY--TOPICAL TERM
Topical term or geographic name entry element EDUCATION--ECONOMIC ASPECTS--SINGAPORE
650 ## - SUBJECT ADDED ENTRY--TOPICAL TERM
Topical term or geographic name entry element EDUCATION--SINGAPORE--AIMS AND OBJECTIVES
650 ## - SUBJECT ADDED ENTRY--TOPICAL TERM
Topical term or geographic name entry element VOCATIONAL EDUCATION--SINGAPORE
650 ## - SUBJECT ADDED ENTRY--TOPICAL TERM
Topical term or geographic name entry element SINGAPORE--ECONOMIC CONDITIONS
700 ## - ADDED ENTRY--PERSONAL NAME
Personal name Lee, Sing Kong
700 ## - ADDED ENTRY--PERSONAL NAME
Personal name Tan, Jee Peng
700 ## - ADDED ENTRY--PERSONAL NAME
Personal name Goh, Chor Boon
710 ## - ADDED ENTRY--CORPORATE NAME
Corporate name or jurisdiction name as entry element World Bank
995 ## - RECOMMENDATION 995 [LOCAL, UNIMARC FRANCE]
-- 0.00
-- CBU-MAIN LIBRARY (Kitwe)
-- 1
-- 0.00
-- 1
-- AVAILABLE
-- Dec 9, 2008
-- International Publications
Holdings
Withdrawn status Lost status Source of classification or shelving scheme Damaged status Not for loan Home library Current library Shelving location Date acquired Total Checkouts Full call number Barcode Date last seen Price effective from Koha item type
          CBU-MAIN LIBRARY, KITWE. CBU-MAIN LIBRARY, KITWE.   11/30/2022   IBRD(06)DPE/2008/2 9780821373750 11/30/2022 11/30/2022 MONOGRAPH